MARC

LEADER 00000nam0a2200000 4500
001 27025
005 20231101205751.0
010 |a 5829700611 
035 |a (RuTPU)RU\TPU\book\27271 
035 |a BOOK00027346 
090 |a 27025 
100 |a 20011209d2000 m y0rusy50 ca 
101 0 |a rus 
102 |a RU 
105 |a y j 000zy 
200 1 |a Социология  |e учебник  |f Ю. Г. Волков, И. В. Мостовая 
210 |a Москва  |c Гардарика  |d 2000 
215 |a 432 с. 
451 1 |0 (RuTPU)RU\TPU\book\75962  |y 5-8297-0061-1  |t Социология  |o учебник для вузов  |f Ю. Г. Волков, И. В. Мостовая  |g под ред. В. И. Добренькова  |c М.  |n Гардарики  |d 2002  |p 430 с.  |s Disciplinae  |a Волков, Юрий Григорьевич 
606 1 |a Социология  |2 stltpush  |3 (RuTPU)RU\TPU\subj\67656  |9 83377 
610 1 |a история 
610 1 |a социологическое познание 
610 1 |a человек 
610 1 |a общество 
610 1 |a социальная структура 
610 1 |a управление 
610 1 |a личность 
610 1 |a социальная культура 
610 1 |a учебные пособия 
686 |a С5я73  |v LBC/SL-A  |2 rubbk 
700 1 |a Волков  |b Ю. Г.  |g Юрий Григорьевич 
701 1 |a Мостовая  |b И. В.  |g Ирина Владимировна 
801 0 |a RU  |b 63413507  |c 20011209  |g PSBO 
801 2 |a RU  |b 63413507  |c 20220420  |g PSBO 
900 |a Социология 
942 |c BK